| 000 | 00375nam a22001577a 4500 | ||
|---|---|---|---|
| 003 | OSt | ||
| 005 | 20260325110537.0 | ||
| 008 | 260325b |||||||| |||| 00| 0 eng d | ||
| 020 | _a9788131262290 | ||
| 040 | _cIIMT UNIVERSITY, MEERUT | ||
| 100 | _aWatson | ||
| 245 | _aPharmaceutical Chemistry | ||
| 260 |
_aNEW DELHI _b Elsevier _c2020 |
||
| 300 | _a641 | ||
| 942 |
_2ddc _c01 |
||
| 999 |
_c67614 _d67614 |
||